5HLuxD.jpg

KING HENRY VIII SENIOR AND PRIMARY SCHOOL LIBRARY OPAC

CLICK (Record no. 5940)

000 -LEADER
fixed length control field 00749nam a22002057a 4500
005 - DATE AND TIME OF LATEST TRANSACTION
control field 20251204081631.0
008 - FIXED-LENGTH DATA ELEMENTS--GENERAL INFORMATION
fixed length control field 251204b ||||| |||| 00| 0 eng d
020 ## - INTERNATIONAL STANDARD BOOK NUMBER
International Standard Book Number 9781760654870
040 ## - CATALOGING SOURCE
Transcribing agency KH8
082 ## - DEWEY DECIMAL CLASSIFICATION NUMBER
Classification number 741.5 MIL
100 ## - MAIN ENTRY--PERSONAL NAME
Personal name Miller,Kayla
Relator term Author
245 ## - TITLE STATEMENT
Title CLICK
260 ## - PUBLICATION, DISTRIBUTION, ETC.
Place of publication, distribution, etc. Locked Bag 22,Newtown,NSW 2042 Australia
Name of publisher, distributor, etc. Walker Books Australia Pty Ltd
Date of publication, distribution, etc. 2021
300 ## - PHYSICAL DESCRIPTION
Extent 204 pages
Other physical details Colour illustration
Dimensions 14 cm x 20 cm
520 ## - SUMMARY, ETC.
Summary, etc. When a school variety show leaves Olive stranded without an act to join, she wonders why all of her friends have already formed their own groups without her.
650 ## - SUBJECT ADDED ENTRY--TOPICAL TERM
Source of heading or term Juvenile Literature
Topical term or geographic name entry element Juvenile Literature
655 ## - INDEX TERM--GENRE/FORM
Genre/form data or focus term Friendship
700 ## - ADDED ENTRY--PERSONAL NAME
Personal name Miller,Andrea
Relator term Designer
942 ## - ADDED ENTRY ELEMENTS (KOHA)
Source of classification or shelving scheme
Koha item type Graphic Novel
Holdings
Withdrawn status Lost status Source of classification or shelving scheme Damaged status Not for loan Collection code Permanent Location Current Location Shelving location Date acquired Total Checkouts Full call number Barcode Date due Date last seen Date last checked out Price effective from Koha item type Public note
          Non-Fiction KH8 Primary School Library KH8 Primary School Library Graphic Novel 2025-12-04 6 741.5 MIL KHPL000008157 2026-04-23 2026-04-15 2026-04-15 2025-12-04 Graphic Novel PRIMARY LIBRARY
          Non-Fiction KH8 Primary School Library KH8 Primary School Library Graphic Novel 2025-12-04 3 741.5 MIL KHPL000008278   2026-04-15 2026-04-08 2025-12-04 Graphic Novel PRIMARY LIBRARY

Powered By KH8 IT Dept